000
00325nam a2200133Ia 4500
005
20260328101516.0
008
260328s9999||||xx |||||||||||||| ||und||
100
_a
Damaz, Paul F.
245
0
_a
Art in European Architecture /
_c
Paul F. Damaz
260
_b
Reinhold
300
_a
228 p.
650
_a
ARQUITECTURA
942
_c
BK
999
_c
9369
_d
9369